Argentinos del S. XIX - Estadísticas

Estadísticas generales
  • Esta prueba ha sido intentada 47 veces
    46 desde el último reinicio
  • La puntuación promedio es 11 de 28
Estadísticas de respuestas
Imagen Respuesta % Correcto
José de San Martín
100%
Domingo Faustino Sarmiento
91%
Manuel Belgrano
91%
Juan Manuel de Rosas
89%
Julio Argentino Roca
74%
Bartolomé Mitre
71%
Juan Bautista Cabral
69%
Martín Miguel de Güemes
63%
Bernardino Rivadavia
57%
Mariano Moreno
54%
Justo José de Urquiza
51%
Juan Bautista Alberdi
49%
Facundo Quiroga
37%
Manuel Dorrego
26%
María Remedios del Valle
26%
José Hernandez
23%
Esteban Echeverria
20%
Juan Martín de Pueyrredón
17%
Encarnación Ezcurra
14%
Mariquita Sanchez de Thompson
14%
"Chacho" Peñaloza
11%
Macacha Güemes
11%
Estanislao López
9%
Francisco Ramírez
9%
José María Paz
9%
Martín Rodriguez
9%
Juan Bautista Bustos
6%
Carlos Morel
3%
No se encontraron pruebas coincidentes
Distribución de puntuación
Porcentaje de gente con cada puntuación
Porcentaje por número respondido
Historial de tus puntuaciones
No has intentado esta prueba desde el último reinicio